000 00526nam a2200229Ia 4500
003 OSt
005 20220924135023.0
006 a|||||r|||| 00| 0
007 ta
008 220923b |||||||| |||| 00| 0 ben d
024 _a288359
037 _cTextual
040 _aARTS
_cARTS
_bben
041 _2ben
_aben
082 _aN, 157G1.1
100 _aSen
245 0 _aAttamgartik rooptantra
260 _c1931
650 _aARTS
942 _hN, 157G1.1
_cTEXL
_2CC
999 _c439531
_d439531